000
00314nam a22001337a 4500
020
_a
07-048440-6
082
_a
684.08 PAN'T
100
_a
ZEEUW, CARL DE,PANSHIN, A. J
_9
74956
245
_a
TEXTBOOK OF WOOD TECHNOLOGY
250
_a
3RD
260
_a
NEWYORK
_b
MCGRAW HILL
_c
1970
300
_a
VOL-1
942
_c
BK
999
_c
580460
_d
580460